Windows Vista - Office 2007 / Part C (Record no. 5655)
[ view plain ]
| 000 -LEADER | |
|---|---|
| fixed length control field | 01262cam a22001694a 4500 |
| 005 - ΗΜΕΡΟΜΗΝΙΑ ΚΑΙ ΩΡΑ ΤΕΛΕΥΤΑΙΑΣ ΕΝΗΜΕΡΩΣΗΣ | |
| Πεδίο ελέγχου | 20250605163511.0 |
| 008 - FIXED-LENGTH DATA ELEMENTS--GENERAL INFORMATION | |
| Πεδίο ελέγχου σταθερού μήκους | 250528s ||||||||||||||||||||||||d |
| 035 ## - SYSTEM CONTROL NUMBER | |
| System control number | 20558 |
| 040 ## - ΠΗΓΗ ΚΑΤΑΛΟΓΟΓΡΑΦΗΣΗΣ | |
| Φορέας πρωτότυπης καταλογογράφησης | MC Athens Campus Library |
| Γλώσσα καταλογογράφησης | Ελληνικά, Μοντέρνα (1453-) |
| Modifying agency | MC Athens Campus Library |
| Κανόνες περιγραφικής καταλογογράφησης | AACR2 |
| 245 1# - ΤΙΤΛΟΣ ΚΑΙ ΔΗΛΩΣΗ ΥΠΕΥΘΥΝΟΤΗΤΑΣ | |
| Τίτλος | Windows Vista - Office 2007 / Part C |
| 260 ## - PUBLICATION, DISTRIBUTION, ETC. | |
| Name of publisher, distributor, etc. | Δημοσιογραφικός Οργανισμός Λαμπράκη, |
| Date of publication, distribution, etc. | 2007 |
| 300 ## - PHYSICAL DESCRIPTION | |
| Extent | 314 |
| 520 ## - SUMMARY, ETC. | |
| Summary, etc. | Η απαραίτητη επτάτομη βιβλιοθήκη κάθε σύγχρονου χρήστη PC. Πανδαισία Πολυμέσων, Μουσικη με τον Media Player, Ενναλακτική Αναπαραγωγή Ήχου, Εκθέστε τις Φωτογραφίες σας, Φωτογραφίες με τους Εναλλακτικούς, Επεξεργασία Φωτογραφιών με Nero, Βίντεο και DVD νε τους Εναλλακτικούς, Από τη Σκοπιά του Σκηνοθέτη, Αποκρυπτογράφηση Δίσκων DVD, DVD Transporting, Δημιουργία Βίντεο DixX και XviD, Δημιουργία Βίντεο Hi-Def, Το iTunes στα Vista, Εγκατάσταση του Nero, Πρώτη Γνωριμία με το Nero. |
| 942 ## - ADDED ENTRY ELEMENTS (KOHA) | |
| Koha item type | Books |
| Τύπος τεκμηρίου | Βιβλιοθήκη | Τρέχουσα τοποθεσία | Barcode | Αριθμός εισαγωγής | Ημερομηνία απόκτησης | Ταξιθετικό σύμβολο | Αριθμός αντιτύπου | Κατάσταση απόσυρσης | Κατάσταση χαμένου | Κατάσταση κατεστραμμένου | Μη δανεισμός | Σύνολο δανεισμών | Ημερομηνία τελευταίας εμφάνισης | Η τιμή ισχύει από |
|---|---|---|---|---|---|---|---|---|---|---|---|---|---|---|
| Books | MC Athens Campus Library | MC Athens Campus Library | 9780000056542 | 7036 | 05/06/2025 | 005.446 WIN V.7 | 1 | 05/06/2025 | 05/06/2025 |